| 000 | 00666cam a2200205 a 4500 | ||
|---|---|---|---|
| 020 | _a0046200177 (alk. paper) | ||
| 020 | _a0046200185 (pbk. : alk. paper) | ||
| 082 | 0 |
_a620.0042 _bDAN _cL-18, P-37 |
|
| 100 | 1 |
_aDandy, G. C. _940538 |
|
| 245 | 1 | 0 |
_aPlanning and design of engineering systems / _cG.C. Dandy, R.F. Warner. |
| 260 |
_aLondon ; _aBoston : _bUnwin Hyman, _c1989. |
||
| 300 |
_axi, 260 p. : _bill. ; _c24 cm. |
||
| 526 |
_a0 _b0 _c0 _d620_004200000000000_DAN |
||
| 526 |
_a0 _b0 _c0 _d620_004200000000000_DAN |
||
| 650 | 0 |
_aEngineering design. _919438 |
|
| 650 | 0 | _aEngineering. | |
| 650 | 0 |
_aMCE _9379 |
|
| 700 | 1 |
_aWarner, R. F. _940539 |
|
| 942 |
_2ddc _cBK |
||
| 999 |
_c544795 _d544795 |
||